000 00865nam a2200229 a 4500
005 20240511063829.0
008 170118s2000 mx r 000 0 spa d
035 _aUPN01000215334
049 _aCE
050 4 _aLB1578.4 T8
_bY3.9
245 0 0 _aYa xjach jnop sk' oppnel sok sts'ibayel jun ta scha' chajpal k' op. bats'il k' op sok kaxlan k' op sok kaxlan k´ op =
_bEmpiezo a leer y escribir en mis dos lenguas.
260 _aMéxico :
_bINEA,
_c[200-?].
300 _a1 paquete (6 piezas)
440 0 _aModelo educación para la vida y el trabajo
505 8 _aContenido:
_t(6) h. pleg.
650 4 _aTZELTAL -
_vLIBROS DE TEXTO
_924293
650 4 _aTZELTAL -
_xESTUDIO Y ENSEÑANZA
_924379
650 4 _aEspañol
_xEstudio y enseñanza (Elemental)
_92806
740 0 _aEmpiezo a leer y escribir en mis dos lenguas
905 _aLibro
999 _c187434
_d187434